[Event "Canberra Sunday Summer"]
[Site "Canberra"]
[Date "2021.02.07"]
[Round "5"]
[White "Beare, Nick"]
[Black "Litchfield, Frederick"]
[Result "0-1"]
[WhiteElo "1621"]
[BlackElo "2081"]
[PlyCount "34"]
[EventDate "2021.01.10"]
[EventType "swiss"]
[EventRounds "7"]
[EventCountry "AUS"]
[SourceTitle "EXT 2022"]
[Source "ChessBase"]
[SourceDate "2021.10.06"]
[SourceVersion "1"]
[SourceVersionDate "2021.10.06"]
[SourceQuality "1"]

1. d4 d5 2. Nc3 Nf6 3. Bf4 a6 4. e3 c5 5. dxc5 Nc6 6. a3 e5 7. Bg5 d4 8. exd4 exd4 9. Qe2+ Be6 10. 0-0-0 Bxc5 11. Ne4 Be7 12. h4 Qd5 13. Bxf6 gxf6 14. Nc3 Qa5 15. Nb1 Rc8 16. Qd2 Qa4 17. Bd3 Na5 0-1

[Event "Canberra Sunday Summer"]
[Site "Canberra"]
[Date "2021.01.31"]
[Round "4"]
[White "Banerjea, Siddharth"]
[Black "Beare, Nick"]
[Result "0-1"]
[WhiteElo "1063"]
[BlackElo "1621"]
[PlyCount "84"]
[EventDate "2021.01.10"]
[EventType "swiss"]
[EventRounds "7"]
[EventCountry "AUS"]
[SourceTitle "EXT 2022"]
[Source "ChessBase"]
[SourceDate "2021.10.06"]
[SourceVersion "1"]
[SourceVersionDate "2021.10.06"]
[SourceQuality "1"]

1. e4 d5 2. exd5 Qxd5 3. Nc3 Qd6 4. Nf3 Nf6 5. d4 a6 6. Bg5 Nbd7 7. a3 b5 8. Bd3 Bb7 9. Qe2 e6 10. Ne4 Nxe4 11. Bxe4 Bxe4 12. Qxe4 c6 13. Bf4 Qd5 14. Qxd5 cxd5 15. 0-0 Be7 16. c3 0-0 17. Bc7 a5 18. Bf4 Rac8 19. Rfc1 Nb6 20. b3 f6 21. Re1 Kf7 22. Rec1 g5 23. Be3 Rc6 24. Nd2 Rfc8 25. Nb1 a4 26. b4 Nc4 27. Kf1 h5 28. Ke2 Bd6 29. g3 Kg6 30. f3 Kf5 31. Ra2 h4 32. g4+ Kg6 33. h3 Nxe3 34. Kxe3 Bf4+ 35. Kd3 Bxc1 36. Rc2 Bf4 37. Nd2 e5 38. dxe5 fxe5 39. Nf1 d4 40. Nd2 Rxc3+ 41. Rxc3 Rxc3+ 42. Ke4 Bxd2 0-1

[Event "Doeberl Cup Minor 48th"]
[Site "Canberra"]
[Date "2010.04.04"]
[Round "6"]
[White "Beare, Nick"]
[Black "Jochimsen, Erik"]
[Result "1-0"]
[WhiteElo "1322"]
[BlackElo "1164"]
[PlyCount "95"]
[EventDate "2010.04.02"]
[EventType "swiss"]
[EventRounds "7"]
[EventCountry "AUS"]
[SourceTitle "EXT 2012"]
[Source "ChessBase"]
[SourceDate "2011.11.24"]
[SourceVersion "1"]
[SourceVersionDate "2011.11.24"]
[SourceQuality "1"]

1. e4 d5 2. exd5 Qxd5 3. Nc3 Qd8 4. d4 Nf6 5. Nf3 Bf5 6. Bd3 Bg4 7. h3 Bh5 8. Bf4 c6 9. g4 Bg6 10. Qd2 e6 11. a3 Qa5 12. 0-0 Bxd3 13. Qxd3 Nbd7 14. b4 Qd8 15. Ne4 Be7 16. Nd6+ Bxd6 17. Bxd6 Nb6 18. Bg3 Qd5 19. Rfe1 0-0-0 20. Ne5 Rdf8 21. a4 Nbd7 22. c4 Nxe5 23. Bxe5 Qd8 24. Qc3 Rhg8 25. b5 Nd7 26. Bd6 Nb8 27. Bxf8 Qxf8 28. bxc6 Nxc6 29. d5 Nd8 30. Rab1 Qc5 31. Rb5 Qc7 32. Qb4 b6 33. c5 exd5 34. cxb6 axb6 35. Rxb6 Nc6 36. Qb1 g6 37. Rxc6 Qxc6 38. Rc1 Qxc1+ 39. Qxc1+ Kd7 40. Qc5 Ke6 41. Qc6+ Ke5 42. f4+ Ke4 43. a5 Rb8 44. Qc2+ Ke3 45. a6 d4 46. a7 Ra8 47. Qf2+ Ke4 48. Qg2+ 1-0

[Event "Doeberl Cup Minor 48th"]
[Site "Canberra"]
[Date "2010.04.02"]
[Round "2"]
[White "Beare, Nick"]
[Black "Kethro, Michael"]
[Result "1-0"]
[WhiteElo "1322"]
[BlackElo "1055"]
[PlyCount "115"]
[EventDate "2010.04.02"]
[EventType "swiss"]
[EventRounds "7"]
[EventCountry "AUS"]
[SourceTitle "EXT 2012"]
[Source "ChessBase"]
[SourceDate "2011.11.24"]
[SourceVersion "1"]
[SourceVersionDate "2011.11.24"]
[SourceQuality "1"]

1. e4 e6 2. d3 d5 3. Nd2 Nc6 4. Ngf3 dxe4 5. dxe4 e5 6. Bb5 f6 7. Bxc6+ bxc6 8. 0-0 Bc5 9. Qe2 Qe7 10. Nb3 Bb6 11. Be3 Be6 12. Rfd1 Bg4 13. a4 Bxe3 14. Qxe3 Bxf3 15. Qxf3 Nh6 16. Qc3 0-0 17. Qxc6 Rfd8 18. Rd5 Nf7 19. Rad1 Nd6 20. f3 h6 21. a5 Nf7 22. Nc5 Rdb8 23. Rd7 Qe8 24. b3 Rd8 25. Rxd8 Rxd8 26. Qxe8+ Rxe8 27. Rd7 Rd8 28. Kf1 Rxd7 29. Nxd7 Nd6 30. Ke2 Kf7 31. Kd3 Nb7 32. a6 Na5 33. Nb8 Ke7 34. b4 c6 35. bxa5 Kd6 36. Kc4 Kc7 37. Kc5 Kxb8 38. Kxc6 Kc8 39. Kd5 h5 40. Kd6 Kd8 41. h4 g5 42. hxg5 fxg5 43. Kxe5 Kc7 44. Kf5 Kc6 45. Kxg5 Kc5 46. Kxh5 Kc4 47. g4 Kb5 48. g5 Kxa6 49. g6 Kxa5 50. g7 a6 51. g8Q Kb5 52. e5 a5 53. e6 a4 54. e7 a3 55. e8Q+ Kb4 56. Qc6 a2 57. Qb8+ Ka5 58. Qca8# 1-0

[Event "Doeberl Cup Minor 47th"]
[Site "Canberra"]
[Date "2009.04.11"]
[Round "4"]
[White "Forace, Lee"]
[Black "Beare, Nick"]
[Result "1-0"]
[WhiteElo "1582"]
[BlackElo "1182"]
[PlyCount "153"]
[EventDate "2009.04.10"]
[EventType "swiss"]
[EventRounds "6"]
[EventCountry "AUS"]
[SourceTitle "CBM 129 Extra"]
[Source "ChessBase"]
[SourceDate "2009.05.05"]
[SourceVersion "2"]
[SourceVersionDate "2009.05.20"]
[SourceQuality "1"]

1. d4 d5 2. Nf3 Nf6 3. Bg5 Nbd7 4. e3 e6 5. Bd3 Bd6 6. Nbd2 c6 7. c3 Qc7 8. Qe2 0-0 9. 0-0 Re8 10. e4 dxe4 11. Nxe4 Nxe4 12. Qxe4 g6 13. Qh4 Bf8 14. Rae1 Bg7 15. Re2 f6 16. Bf4 Qa5 17. Bc4 Nf8 18. Bh6 Bxh6 19. Qxh6 Qc7 20. Rfe1 b5 21. Bb3 a5 22. a4 Qg7 23. Qh4 Bd7 24. Qf4 Kh8 25. h4 h5 26. Qe4 Re7 27. axb5 f5 28. Qe5 Qxe5 29. Rxe5 cxb5 30. Ng5 Ra6 31. d5 a4 32. Ba2 a3 33. bxa3 Rxa3 34. Bb1 Rxc3 35. dxe6 Bxe6 36. Ba2 Bxa2 37. Rxe7 Rc8 38. Rb7 Bc4 39. Ree7 Bd3 40. Nf3 Be4 41. Rxb5 Bxf3 42. gxf3 Kg8 43. Rbb7 Kh8 44. Kg2 Kg8 45. Kg3 Kh8 46. Kf4 Kg8 47. Kg5 Kh8 48. Kh6 Rd8 49. Rh7+ Nxh7 50. Rxh7+ Kg8 51. Rg7+ Kf8 52. Rxg6 Rd2 53. Rf6+ Kg8 54. Rxf5 Rxf2 55. Kxh5 Kh7 56. f4 Kg7 57. Rg5+ Kf6 58. Rg8 Kf7 59. Rg4 Kf6 60. Kh6 Kf5 61. Rg8 Kf6 62. h5 Kf7 63. Rg4 Kf6 64. Kh7 Kf7 65. h6 Kf8 66. Kg6 Kg8 67. f5 Kh8 68. f6 Kg8 69. h7+ Kh8 70. f7 Rf4 71. Rg5 Rf2 72. Rf5 Rg2+ 73. Kf6 Rg6+ 74. Ke7 Rg7 75. Ke6 Rg6+ 76. Rf6 Kxh7 77. f8R 1-0